000 00469nam a2200181Ia 4500
008 240925s9999 xx 000 0 und d
020 _a9780070635524
082 _a658.3 NEW
100 _aNewstrom, John W.
245 0 _aOrganizational Behavior: human behavior at work
250 _a12th
260 _aNew York:
_bMcGraw-Hill
_c,2007.
300 _a158p.
_b0
_fOriginal
500 _aIncludes Index
600 _aManagement
650 _aManagement
942 _cBK
999 _c14860
_d14860